| 000 | 01187nam a2200217Ia 4500 | ||
|---|---|---|---|
| 999 |
_c38153 _d38153 |
||
| 003 | OSt | ||
| 005 | 20210302150933.0 | ||
| 008 | 160316s1998 xxu||||| |||| 00| 0 eng d | ||
| 020 | _a9780349109282 | ||
| 040 | _cn | ||
| 082 |
_a823.000000 _bBRO |
||
| 100 | _aBrookmyre Christopher | ||
| 245 | _aNot the end of the world | ||
| 260 |
_aNew York _bGrove Press _c1998 |
||
| 300 | _a388p | ||
| 365 | _b Gratis | ||
| 505 | _aDescription: The crew of an oceanic research vessel goes missing in the Pacific along with their mini-submarine. An evangelical media star holds a rally next door to a convention in LA devoted to 'nubile' cinematic entertainment. The cops know there's going to be trouble and they are not disappointed. What they didn't foresee was the presence in their state of a Glaswegian photographer with an indecipherable accent and a strong dislike of hypocrisy, or of a terrorist who seems to have access to plutonium as well as Semtex. In his unique style, Christopher Brookmyre throws a harsh light on the selfish preoccupations of 1990s society and at the same time provides uproarious entertainment. | ||
| 650 | _a1. Fiction | ||
| 700 |
_a _a |
||
| 942 |
_2ddc _cBK |
||